غالب اقبال اور ٹیگور / (Record no. 106848)

MARC details
000 -LEADER
fixed length control field 00790nam a22002537a 4500
005 - DATE AND TIME OF LATEST TRANSACTION
control field 20170123162318.0
010 ## - LIBRARY OF CONGRESS CONTROL NUMBER
LC control number B-024539
020 ## - INTERNATIONAL STANDARD BOOK NUMBER
Terms of availability 80.00
035 ## - SYSTEM CONTROL NUMBER
System control number B-024539
037 ## - SOURCE OF ACQUISITION
Source of stock number/acquisition Cen Lib/Ret
040 ## - CATALOGING SOURCE
Original cataloging agency DPL
Language of cataloging UR
082 ## - DEWEY DECIMAL CLASSIFICATION NUMBER
Classification number 809
Item number غ ا ل
245 ## - TITLE STATEMENT
Title غالب اقبال اور ٹیگور /
246 ## - VARYING FORM OF TITLE
Title proper/short title Ghalib Iqbal aur Tegore /
260 ## - PUBLICATION, DISTRIBUTION, ETC. (IMPRINT)
Place of publication, distribution, etc پٹنہ
Name of publisher, distributor, etc خدا بخش اور اورینٹڈ پبلک لائبریری
Date of publication, distribution, etc 1999
270 ## - ADDRESS
City پٹنہ
300 ## - PHYSICAL DESCRIPTION
Extent 195p.
Dimensions 21cm(Hb)
490 ## - SERIES STATEMENT
Series statement رسالہ ندیم گیا سے انتخاب
650 ## - SUBJECT ADDED ENTRY--TOPICAL TERM
Topical term or geographic name as entry element اردو ادب
9 (RLIN) 115583
650 ## - SUBJECT ADDED ENTRY--TOPICAL TERM
Topical term or geographic name as entry element اردو سوانح عمری
9 (RLIN) 115584
650 ## - SUBJECT ADDED ENTRY--TOPICAL TERM
Topical term or geographic name as entry element Urdu literature
9 (RLIN) 115585
650 ## - SUBJECT ADDED ENTRY--TOPICAL TERM
Topical term or geographic name as entry element Urdu biography
9 (RLIN) 511
942 ## - ADDED ENTRY ELEMENTS (KOHA)
Source of classification or shelving scheme Dewey Decimal Classification
Koha item type Urdu Bks
Classification part 809
Call number suffix غ ا ل
Holdings
Withdrawn status Lost status Damaged status Not for loan Home library Current library Date acquired Source of acquisition Cost, normal purchase price Total Checkouts Full call number Barcode Date last seen Copy number Cost, replacement price Price effective from Koha item type
        Central Library Central Library 30/12/2015 Cen Lib/Ret 80.00   809 غ ا ل B-024539 30/12/2015 1 80.00 30/12/2015 Urdu Bks

© Delhi Public Library
Hit Counter
free hit counter